000 00359nam a2200133Ia 4500
008 231017s9999 xx 000 0 und d
082 _a625.8
082 _bMAS
245 0 _a"Appendixes to NCHRP Report 555; test methods for characterizing aggregate shape, texture and angularity"
245 0 _cNCHRP
260 _bNCHRP
300 _c30cm
942 _cREP
999 _c606217
_d606217